000 00489cam a2200193ua 4500
001 908
005 20260515113237.0
008 110423n ii |||gr||||Z||||||eng
040 _cMAIN
082 _a320.95402971
245 1 _aMuslim politics in India.
_cBy Hamid Dalwai.
250 _a1st.
260 _aBombay:
_bNachiketa publications.,969.
300 _a110 p.:6 cm.
653 _aPolitical science.
653 _aMuslim politics in India.
700 1 _aDalwai, Hamid.,
942 _cBK
999 _c831
_d831